Los incidentes de nulidad

Uloženo v:
Podrobná bibliografie
Hlavní autor: Loyola González, Eugenio (autor)
Médium: Kniha
Jazyk:španělština
Vydáno: Santiago La Ley 2001
Témata:
Tagy: Přidat tag
Žádné tagy, Buďte první, kdo vytvoří štítek k tomuto záznamu!

MARC

LEADER 00000nam a2200000 a 4500
001 UCM0157
003 CL-VaPUC
008 020125e20010000CL |||||||||||||||||spa|d
082 0 4 |a 347.05  |b LOY  |2 21 
100 |a Loyola González, Eugenio  |e autor  |9 466839 
245 1 4 |a Los incidentes de nulidad 
300 |a 274 p 
942 |c BK 
945 |d 20020125 00:00:00  |a vberengu 
260 |a Santiago  |b La Ley  |c 2001 
650 0 |a Nulidad   |9 256755 
650 7 |a NULIDAD CIVIL  |2 CL-VaPUC  |9 385514 
650 0 |a Nulidad procesal   |9 336734 
650 0 |a Recurso de casación  |9 258890 
583 |a last modification  |c 20020125 00:00:00  |k Rodrigo Vera 
999 |c 299198  |d 299196 
952 |0 0  |1 0  |4 0  |6 347_050000000000000_LOY_2001  |7 0  |8 A  |9 355431  |a BIBDER  |b BIBDER  |d 2019-11-21  |i 3791599  |l 2  |o 347.05 LOY 2001  |p 3791599  |r 2024-04-01  |s 2024-03-25  |w 2019-11-21  |y BK  |k DER